US President by Number Quiz Stats

 Plays Quiz Updated Feb 19, 2019

Score 0/45 Timer 05:00
39 Plays Today
Number President % Correct
1George Washington
91%
2John Adams
89%
3Thomas Jefferson
88%
44Barack Obama
85.9%
43George W. Bush
85.4%
42Bill Clinton
84.9%
41George H. W. Bush
84.8%
45Donald Trump
84.5%
4James Madison
83.7%
40Ronald Reagan
83.6%
5James Monroe
82%
6John Quincy Adams
80.4%
39Jimmy Carter
80.1%
16Abraham Lincoln
79.6%
37Richard Nixon
78.5%
38Gerald Ford
78.3%
35John F. Kennedy
77.9%
36Lyndon B. Johnson
76.3%
7Andrew Jackson
74.6%
34Dwight D. Eisenhower
73.7%
32Franklin D. Roosevelt
72.7%
33Harry S. Truman
72.2%
17Andrew Johnson
70.3%
Number President % Correct
8Martin Van Buren
70.3%
18Ulysses S. Grant
68%
31Herbert Hoover
67.4%
10John Tyler
65%
30Calvin Coolidge
64.7%
9William Henry Harrison
64.5%
15James Buchanan
64.4%
11James Polk
63.2%
12Zachary Taylor
61.1%
14Franklin Pierce
60.8%
28Woodrow Wilson
60.7%
26Theodore Roosevelt
60.4%
13Millard Fillmore
59.5%
29Warren G. Harding
59.1%
27William Howard Taft
58.6%
22Grover Cleveland
58.2%
24Grover Cleveland
58.1%
19Rutherford B. Hayes
57.7%
25William McKinley
57%
20James Garfield
55.7%
21Chester A. Arthur
55.3%
23Benjamin Harrison
54.1%

You're not logged in!

Compare scores with friends on all Sporcle quizzes.
OR
Log In

Sporcle TV

Today on Sporcle TV


Watch our educational content, quiz creation guides, and fun videos on Sporcle TV.

Show Comments

Extras

Top Quizzes Today


Score Distribution

Your Account Isn't Verified!

In order to create a playlist on Sporcle, you need to verify the email address you used during registration. Go to your Sporcle Settings to finish the process.

Report this User

Report this user for behavior that violates our Community Guidelines.

Details: